The sub loco notes in the Torah of the Biblia Hebraica Stuttgartensia / (Record no. 45689)
[ view plain ]
| 000 -LEADER | |
|---|---|
| fixed length control field | 00974cam a2200277 a 4500 |
| 001 - CONTROL NUMBER | |
| control field | 670088 |
| 005 - DATE AND TIME OF LATEST TRANSACTION | |
| control field | 20190305102338.0 |
| 008 - FIXED-LENGTH DATA ELEMENTS--GENERAL INFORMATION | |
| fixed length control field | 950209s1994 txu b 000 0 eng |
| 010 ## - LIBRARY OF CONGRESS CONTROL NUMBER | |
| LC control number | 95006988 |
| 020 ## - INTERNATIONAL STANDARD BOOK NUMBER | |
| International Standard Book Number | 0941037339 |
| 040 ## - CATALOGING SOURCE | |
| Original cataloging agency | DLC |
| Transcribing agency | DLC |
| Modifying agency | DLC |
| 100 1# - MAIN ENTRY--PERSONAL NAME | |
| Personal name | Mynatt, Daniel S. |
| Fuller form of name | (Daniel Stephen), |
| Dates associated with a name | 1962- |
| 245 14 - TITLE STATEMENT | |
| Title | The sub loco notes in the Torah of the Biblia Hebraica Stuttgartensia / |
| Statement of responsibility, etc | by Daniel S. Mynatt. |
| 260 ## - PUBLICATION, DISTRIBUTION, ETC. (IMPRINT) | |
| Place of publication, distribution, etc | N. Richland Hills, TX : |
| Name of publisher, distributor, etc | BIBAL Press, |
| Date of publication, distribution, etc | c1994. |
| 300 ## - PHYSICAL DESCRIPTION | |
| Extent | x, 278 p. ; |
| Dimensions | 22 cm. |
| 336 ## - CONTENT TYPE | |
| Content Type Term | text |
| 337 ## - MEDIA TYPE | |
| Media Type Term | unmediated |
| 338 ## - CARRIER TYPE | |
| Carrier Type Term | volume |
| 440 #0 - SERIES STATEMENT/ADDED ENTRY--TITLE | |
| Title | BIBAL dissertation series ; |
| Volume number/sequential designation | 2 |
| 500 ## - GENERAL NOTE | |
| General note | Rev. ed. of thesis (Ph. D.)--Southern Baptist Theological Seminary. |
| 504 ## - BIBLIOGRAPHY, ETC. NOTE | |
| Bibliography, etc | Includes bibliographical references (p. 273-278). |
| 630 00 - SUBJECT ADDED ENTRY--UNIFORM TITLE | |
| Uniform title | Bible. |
| Name of part/section of a work | Pentateuch |
| General subdivision | Criticism, Textual. |
| 630 00 - SUBJECT ADDED ENTRY--UNIFORM TITLE | |
| Uniform title | Bible. |
| Name of part/section of a work | Old Testament. |
| Language of a work | Hebrew |
| General subdivision | Versions |
| -- | Biblia Hebraica Stuttgartensia. |
| 650 #0 - SUBJECT ADDED ENTRY--TOPICAL TERM | |
| Topical term or geographic name as entry element | Masorah. |
| 942 ## - ADDED ENTRY ELEMENTS (KOHA) | |
| Source of classification or shelving scheme | Library of Congress Classification |
| Item type | Books |
| Withdrawn status | Lost status | Source of classification or shelving scheme | Damaged status | Not for loan | Home library | Current library | Shelving location | Date acquired | Source of acquisition | Inventory number | Total Checkouts | Full call number | Barcode | Date last seen | Price effective from | Koha item type |
|---|---|---|---|---|---|---|---|---|---|---|---|---|---|---|---|---|
| Library of Congress Classification | BSOP Library | BSOP Library | David Weisberg Collection | 03/05/2019 | Donated by Dr. David and Oprah Weisberg | 45644 | BS1225.2 M99 1994 | 00056644 | 03/05/2019 | 03/05/2019 | Books |
